Sequential Number Dates Quiz Stats

 Plays Quiz not verified by Sporcle

Challenge
Share
Tweet
Embed
Score 0/40 Timer 04:00
0 Plays Today
Hint Answer % Correct
Sequential Number DatesJanuary 2, 2003 (01-02-03)
95.2%
Sequential Number DatesFebruary 3, 2004 (02-03-04)
95.2%
Sequential Number DatesMarch 4, 2005 (03-04-05)
95.2%
Sequential Number DatesApril 5, 2006 (04-05-06)
95.2%
Sequential Number DatesJune 7, 2008 (06-07-08)
95.2%
Sequential Number DatesAugust 9, 2010 (08-09-10)
95.2%
Sequential Number DatesSeptember 10, 2011 (09-10-11)
95.2%
Sequential Number DatesNovember 12, 2013 (11-12-13)
95.2%
Sequential Number DatesDecember 13, 2014 (12-13-14)
95.2%
Sequential Fibonacci Number DatesJanuary 2, 2003 (01-02-03)
95.2%
Sequential Number DatesMay 6, 2007 (05-06-07)
90.5%
Sequential Number DatesJuly 8, 2009 (07-08-09)
90.5%
Sequential Number DatesOctober 11, 2012 (10-11-12)
90.5%
Sequential Odd Number DatesJanuary 3, 2005 (01-03-05)
81%
Sequential Odd Number DatesMarch 5, 2007 (03-05-07)
81%
Sequential Odd Number DatesMay 7, 2009 (05-07-09)
81%
Sequential Odd Number DatesJuly 9, 2011 (07-09-11)
81%
Sequential Odd Number DatesSeptember 11, 2013 (09-11-13)
81%
Sequential Odd Number DatesNovember 13, 2015 (11-13-15)
81%
Sequential Even Number DatesFebruary 4, 2006 (02-04-06)
81%
Hint Answer % Correct
Sequential Even Number DatesJune 8, 2010 (06-08-10)
81%
Sequential Even Number DatesAugust 10, 2012 (08-10-12)
81%
Sequential Even Number DatesOctober 12, 2014 (10-12-14)
81%
Sequential Even Number DatesDecember 14, 2016 (12-14-16)
81%
Sequential Prime Number DatesMarch 5, 2007 (03-05-07)
81%
Sequential Even Number DatesApril 6, 2008 (04-06-08)
71.4%
Sequential Prime Number DatesMay 7, 2011 (05-07-11)
71.4%
Sequential Prime Number DatesJuly 11, 2013 (07-11-13)
71.4%
Sequential Prime Number DatesNovember 13, 2017 (11-13-17)
71.4%
Sequential Prime Number DatesFebruary 3, 2005 (02-03-05)
66.7%
Sequential Fibonacci Number DatesFebruary 3, 2005 (02-03-05)
66.7%
Sequential Fibonacci Number DatesJanuary 1, 2002 (01-01-02)
57.1%
Sequential Fibonacci Number DatesMarch 5, 2008 (03-05-08)
57.1%
Sequential Fibonacci Number DatesMay 8, 2013 (05-08-13)
57.1%
Sequential Fibonacci Number DatesAugust 13, 2021 (08-13-21)
57.1%
Sequential Perfect Square DatesSeptember 16, 2025 (09-16-25)
57.1%
Sequential Perfect Square DatesApril 9, 2016 (04-09-16)
52.4%
Sequential Perfect Square DatesJanuary 4, 2009 (01-04-09)
47.6%
Sequential Cube Number DatesJanuary 8, 2027 (01-08-27)
47.6%
Sequential Cube Number DatesAugust 27, 2064 (08-27-64)
47.6%

You're not logged in!

Compare scores with friends on all Sporcle quizzes.
OR
Log In

You Might Also Like...

Show Comments

Extras

Top Quizzes Today


Score Distribution

Your Account Isn't Verified!

In order to create a playlist on Sporcle, you need to verify the email address you used during registration. Go to your Sporcle Settings to finish the process.

Report this User

Report this user for behavior that violates our Community Guidelines.

Details: